<?xml version="1.0" encoding="UTF-8"?>
<collection xmlns:xsi="http://www.w3.org/2001/XMLSchema-instance" xsi:schemaLocation="http://www.loc.gov/MARC21/slim http://www.loc.gov/standards/marcxml/schema/MARC21slim.xsd" xmlns="http://www.loc.gov/MARC21/slim">
 <record>
  <leader>00000cmm a22000004i 4500</leader>
  <controlfield tag="001">UP-99796217611037298</controlfield>
  <controlfield tag="003">Buklod</controlfield>
  <controlfield tag="005">20241204161628.0</controlfield>
  <controlfield tag="006">m    go  j        </controlfield>
  <controlfield tag="007">cr cn |||aaaaa</controlfield>
  <controlfield tag="008">241204s2011    ne ||||go||j| ||||||eng d</controlfield>
  <datafield tag="020" ind1=" " ind2=" ">
   <subfield code="a">9789400718227 (eBook)</subfield>
  </datafield>
  <datafield tag="020" ind1=" " ind2=" ">
   <subfield code="a">9789400718210</subfield>
  </datafield>
  <datafield tag="035" ind1=" " ind2=" ">
   <subfield code="a">(iLib)UPD-00208004624</subfield>
  </datafield>
  <datafield tag="040" ind1=" " ind2=" ">
   <subfield code="a">CSt</subfield>
   <subfield code="d">DMLR</subfield>
   <subfield code="e">rda</subfield>
  </datafield>
  <datafield tag="041" ind1=" " ind2=" ">
   <subfield code="a">eng</subfield>
  </datafield>
  <datafield tag="042" ind1=" " ind2=" ">
   <subfield code="a">DMLUC</subfield>
  </datafield>
  <datafield tag="084" ind1=" " ind2=" ">
   <subfield code="a">HD 108.4</subfield>
   <subfield code="b">L36 2011eb</subfield>
  </datafield>
  <datafield tag="245" ind1="0" ind2="0">
   <subfield code="a">Land-use modelling in planning practice</subfield>
   <subfield code="c">Eric Koomen, Judith Borsboom-van Beurden (Editors).</subfield>
  </datafield>
  <datafield tag="264" ind1=" " ind2="1">
   <subfield code="a">Dordrecht</subfield>
   <subfield code="a">New York</subfield>
   <subfield code="b">Springer</subfield>
   <subfield code="c">2011</subfield>
  </datafield>
  <datafield tag="300" ind1=" " ind2=" ">
   <subfield code="a">1 online resource (xvi, 214 pages)</subfield>
   <subfield code="b">color illustrations, maps</subfield>
  </datafield>
  <datafield tag="336" ind1=" " ind2=" ">
   <subfield code="a">text</subfield>
   <subfield code="2">rdacontent</subfield>
  </datafield>
  <datafield tag="337" ind1=" " ind2=" ">
   <subfield code="a">computer</subfield>
   <subfield code="2">rdamedia</subfield>
  </datafield>
  <datafield tag="338" ind1=" " ind2=" ">
   <subfield code="a">online resource</subfield>
   <subfield code="2">rdacarrier</subfield>
  </datafield>
  <datafield tag="490" ind1="0" ind2=" ">
   <subfield code="a">Geo Journal library</subfield>
   <subfield code="v">v. 101</subfield>
  </datafield>
  <datafield tag="504" ind1=" " ind2=" ">
   <subfield code="a">Includes bibliographical refences and index</subfield>
  </datafield>
  <datafield tag="505" ind1="0" ind2=" ">
   <subfield code="a">PART I</subfield>
   <subfield code="g">Introduction</subfield>
   <subfield code="t">1. Introducing the Land Use Scanner</subfield>
   <subfield code="r">Koomen, Hilferink en Borsboom-van Beurden</subfield>
   <subfield code="t">2. Lumos-models from an international perspective</subfield>
   <subfield code="r">Timmermans, Batty, Couclelis and Wegener</subfield>
   <subfield code="t">3. Core principles and concepts in land-use modelling: a literature review</subfield>
   <subfield code="r">Van Schrojenstein Lantman, Verburg, Bregt and Geertman</subfield>
   <subfield code="g">Part II Practice</subfield>
   <subfield code="t">4. A sustainable outlook on the future of The Netherlands</subfield>
   <subfield code="r">Kuiper, Kuijpers-Linde, and Bouwman</subfield>
   <subfield code="t">5. Coupling detailed land-use model and a land-use and transport interaction model</subfield>
   <subfield code="r">Zondag en Geurs</subfield>
   <subfield code="t">6. Biomass on peat soils Feasibility of bio energy production under a climate change scenario</subfield>
   <subfield code="r">Kuhlman, Verburg, van Dijk and Phan-Drost</subfield>
   <subfield code="t">7. Simulation of future land-use for a developing regional spatial strategy</subfield>
   <subfield code="g">The province of Overijssel</subfield>
   <subfield code="r">Koekoek, Koomen, Loonen and Dijk</subfield>
   <subfield code="t">8. Lessons learned from using land-use simulation in regional planning</subfield>
   <subfield code="r">Jacobs, Bouwman, Koomen and van der Burg</subfield>
   <subfield code="g">Part III Future Developments</subfield>
   <subfield code="t">9. Explaining land-use transition in a segmented land market</subfield>
   <subfield code="g">Potential input for Land Use Scanner</subfield>
   <subfield code="r">Dekkers and Rietveld</subfield>
   <subfield code="t">10. A policy perspective of the development of Dutch land-use models</subfield>
   <subfield code="t">Kuijpers-Linde</subfield>
   <subfield code="t">11 Developing a new market-based land use model</subfield>
   <subfield code="r">Borsboom-van Beurden and Zondag</subfield>
  </datafield>
  <datafield tag="506" ind1=" " ind2=" ">
   <subfield code="a">IP-based subscription, access limited to within on-campus computer network</subfield>
   <subfield code="c">Access via Electronic Resources of the UPD University Library Website</subfield>
  </datafield>
  <datafield tag="520" ind1=" " ind2=" ">
   <subfield code="a">This book provides an overview of recent developments and applications of the Land Use Scanner model, which has been used in spatial planning for well over a decade. Internationally recognized as among the best of its kind, this versatile model can be applied at a national level for trend extrapolation, scenario studies and optimization, yet can also be employed in a smaller-scale regional context, as demonstrated by the assortment of regional case studies included in the book. Alongside these practical examples from the Netherlands, readers will find discussion of more theoretical aspects of land-use models as well as an assessment of various studies that aim to develop the Land-Use Scanner model further. Spanning the divide between the abstractions of land-use modelling and the imperatives of policy making, this is a cutting-edge account of the way in which the Land-Use Scanner approach is able to interrogate a spectrum of issues that range from climate change to transportation efficiency. Aimed at planners, researchers and policy makers who need to stay abreast of the latest advances in land-use modelling techniques in the context of planning practice, the book guides the reader through the applications supported by current instrumentation. It affords the opportunity for a wide readership to benefit from the extensive and acknowledged expertise of Dutch planners, who have originated a host of much-used models</subfield>
   <subfield code="c">--Publisher's description</subfield>
  </datafield>
  <datafield tag="533" ind1=" " ind2=" ">
   <subfield code="a">Electronic reproduction</subfield>
   <subfield code="b">New York</subfield>
   <subfield code="c">SpringerLink</subfield>
   <subfield code="d">2011</subfield>
   <subfield code="n">Available via World Wide Web through SpringerLink</subfield>
  </datafield>
  <datafield tag="650" ind1=" " ind2="0">
   <subfield code="a">Land use</subfield>
   <subfield code="x">Mathematical models.</subfield>
  </datafield>
  <datafield tag="650" ind1=" " ind2="0">
   <subfield code="a">Land use</subfield>
   <subfield code="x">Planning.</subfield>
  </datafield>
  <datafield tag="700" ind1="1" ind2=" ">
   <subfield code="a">Koomen, Eric</subfield>
   <subfield code="e">editor.</subfield>
  </datafield>
  <datafield tag="700" ind1="1" ind2=" ">
   <subfield code="a">Borsboom-van Beurden, Judith</subfield>
   <subfield code="e">editor.</subfield>
  </datafield>
  <datafield tag="710" ind1="2" ind2=" ">
   <subfield code="a">SpringerLink (Online service).</subfield>
  </datafield>
  <datafield tag="856" ind1="4" ind2="0">
   <subfield code="u">http://link.springer.com/book/10.1007/978-94-007-1822-7</subfield>
   <subfield code="y">Available for University of the Philippines Diliman via SpringerLink. Click here to access</subfield>
  </datafield>
  <datafield tag="905" ind1=" " ind2=" ">
   <subfield code="a">FO</subfield>
  </datafield>
  <datafield tag="852" ind1="0" ind2=" ">
   <subfield code="a">UPD</subfield>
   <subfield code="b">DMLR</subfield>
   <subfield code="h">HD 108.4</subfield>
   <subfield code="i">L36 2011eb</subfield>
  </datafield>
  <datafield tag="942" ind1=" " ind2=" ">
   <subfield code="a">Electronic Resource</subfield>
  </datafield>
 </record>
</collection>
